Name The WWE 2k14 Roster - Statistics

General Stats
  • This quiz has been taken 1,634 times
  • The average score is 35 of 65
Answer Stats
Answer % Correct
John Cena
94%
The Undertaker
85%
Triple H
84%
Kane
82%
The Rock
82%
Randy Orton
81%
Roman Reigns
80%
Seth Rollins
80%
Dean Ambrose
79%
Big Show
78%
CM Punk
78%
Brock Lesnar
72%
Shawn Michaels
72%
Hulk Hogan
70%
Edge
68%
"Stone Cold" Steve Austin
68%
Alberto Del Rio
67%
Batista
67%
The Miz
67%
Daniel Bryan
66%
Rey Mysterio
65%
Dolph Ziggler
63%
Kofi Kingston
63%
Chris Jericho
62%
Sheamus
61%
Christian
59%
Cody Rhodes
58%
Andre The Giant
57%
Mark Henry
57%
Ric Flair
56%
Bret Hart
55%
Antonio Cesaro
53%
Heath Slater
53%
Wade Barret
52%
Ryback
51%
R-Truth
48%
Drew McIntyre
47%
Jack Swagger
47%
"Macho Man" Randy Savage
47%
Jinder Mahal
45%
Sin Cara
45%
Zack Ryder
45%
Mick Foley
44%
Diesel
42%
Justin Gabriel
41%
John Bradshaw Layfield
40%
Yokozuna
40%
Goldberg
38%
Razor Ramon
38%
The Great Khali
38%
Brodus Clay
37%
Damien Sandow
36%
Darren Young
36%
"The Million Dollar Man" Ted DiBiase
36%
David Otunga
33%
Big John Studd
32%
King Kong Bundy
32%
Santino Marella
31%
Tensai
30%
Mr. McMahon
29%
Titus O'Neil
29%
Eddie Guerrero
28%
Ricky "The Dragon" Steamboat
28%
Sargeant Slaughter
27%
Hollywood Hulk Hogan
13%
No matching quizzes found
Score Distribution
Percent of People with Each Score
Percentile by Number Answered
Your Score History
You have not taken this quiz